000 00338pab a2200145 454500
008 180718b2002 xxu||||| |||| 00| 0 eng d
100 _aExcler, Jean-Louis
245 _aHIV preventive vaccines: myth and reality
260 _c2002
300 _ap.35-39.
362 _aDec
650 _aAIDS
773 _aSeminar, 520
909 _a54550
999 _c54550
_d54550